UBT Library

Essentials of human anatomy & physiology / (Record no. 39099)

000 -LEADER
fixed length control field 00803cam a2200253 a 4500
001 - CONTROL NUMBER
control field 2553109
005 - DATE AND TIME OF LATEST TRANSACTION
control field 20171218082402.0
008 - FIXED-LENGTH DATA ELEMENTS--GENERAL INFORMATION
fixed length control field 940916s1995 iaua 001 0 eng
010 ## - LIBRARY OF CONGRESS CONTROL NUMBER
LC control number 94209441
020 ## - INTERNATIONAL STANDARD BOOK NUMBER
International Standard Book Number 0697229254 (paper)
020 ## - INTERNATIONAL STANDARD BOOK NUMBER
International Standard Book Number 0697160440 (case)
020 ## - INTERNATIONAL STANDARD BOOK NUMBER
International Standard Book Number 0697160459 (instructor's manual)
040 ## - CATALOGING SOURCE
Original cataloging agency DLC
Transcribing agency DLC
Modifying agency DLC
041 ## - LANGUAGE CODE
Language code of text/sound track or separate title eng
080 ## - UNIVERSAL DECIMAL CLASSIFICATION NUMBER
Universal Decimal Classification number 612 JOH
Common auxiliary subdivision 612 JOH
082 00 - DEWEY DECIMAL CLASSIFICATION NUMBER
Classification number 612 JOH
Edition number 20
100 1# - Rafti
Rafti 6
101 ## - Shkurtesa
Shkurtesa SHM
245 10 - TITLE STATEMENT
Title Essentials of human anatomy & physiology /
Statement of responsibility, etc John W. Hole, Jr.
740 0# - ADDED ENTRY--UNCONTROLLED RELATED/ANALYTICAL TITLE
Uncontrolled related/analytical title Essentials of human anatomy and physiology.
906 ## - LOCAL DATA ELEMENT F, LDF (RLIN)
a 7
b cbc
c orignew
d 3
e ncip
f 19
g y-gencatlg
942 ## - ADDED ENTRY ELEMENTS (KOHA)
Source of classification or shelving scheme
Item type Books
Holdings
Withdrawn status Lost status Source of classification or shelving scheme Damaged status Not for loan Permanent location Current location Date acquired Total Checkouts Full call number Barcode Date last seen Price effective from Koha item type
          UBT - Lipjan UBT - Lipjan 12/18/2017   612 JOH 002-2939486 12/18/2017 12/18/2017 Books
UBT Library © 2015-2024. All rights reserved University Education for Business and Technology